| 000 | 00507nam a2200157 4500 | ||
|---|---|---|---|
| 001 | 118536 | ||
| 003 | ES-MaACL | ||
| 007 | t| | ||
| 008 | 070214s1979 sp r ||||1| spa d | ||
| 100 | 1 |
_aParejo Alfonso, Luciano. _989071 |
|
| 245 | 1 | 3 |
_aLa ordenación urbanística _b: 1956-1975 / _cpor Luciano Parejo Alfonso ; prólogo de Martín Bassols Coma. |
| 260 |
_aMadrid : _bMontecorvo, _c1979. |
||
| 300 |
_a299 p. ; _c24 cm. |
||
| 700 | 1 |
_aBassols Coma, Martín. _926335 |
|
| 852 |
_aES-MaACL _jL-87 _bR.100598 |
||
| 999 |
_c118536 _d118536 |
||